Statistics for 当初から町制を施行している町(北海道)

Click here to take the quiz!

General Stats

  • This quiz has been taken 45 times
  • The average score is 14 of 16

Answer Stats

% Correct
増毛郡増毛町
100%
余市郡余市町
100%
厚岸郡厚岸町
100%
檜山郡江差町
97%
岩内郡岩内町
97%
寿都郡寿都町
97%
浦河郡浦河町
97%
古平郡古平町
95%
釧路郡釧路町
95%
網走郡網走町
89%
室蘭郡室蘭町
89%
根室郡根室町
89%
河西郡帯広町
84%
石狩郡石狩町
78%
上川郡旭川町
78%
松前郡福山町
32%

Score Distribution

Percentile by Number Answered

Percent of People with Each Score

Your Score History

You have not taken this quiz